If We Have Each Other - Alec Benjamin - All Lyrics - Statistics

General Stats
  • This quiz has been taken 115 times
  • The average score is 468 of 545
Answer Stats
Answer % Correct
a
100%
the
100%
The
100%
She
99%
she
99%
was
99%
he
97%
on
97%
On
97%
with
97%
With
97%
19
96%
And
96%
and
96%
baby
96%
each
96%
Have
96%
have
96%
I
96%
If
96%
other,
96%
other
96%
way
96%
we
96%
be
94%
No,
94%
not
94%
that
94%
You
94%
you
94%
for
93%
her
93%
perfect,
93%
to
93%
To
93%
world's
93%
your
92%
bad
90%
but
90%
But
90%
hold
90%
I'll
90%
it's
90%
me,
90%
mother,
90%
of
90%
So
90%
some
90%
there
90%
when
90%
When
90%
all
89%
alone
89%
Even
89%
even
89%
hand
89%
know
89%
then
89%
They
89%
they
89%
day
87%
fine
87%
never
87%
love
86%
will
86%
city,
85%
should
85%
we'll
85%
both
83%
every
83%
got
83%
kind
83%
night
83%
side
83%
sister,
83%
tell
83%
would
83%
stay
82%
than
82%
that's
82%
say
80%
were
80%
where
80%
are
79%
she'd
79%
She'd
79%
someone
79%
thankful
79%
working
79%
brother,
77%
fight
77%
had
77%
I'm
77%
lover,
77%
my
77%
arrive
76%
cry
76%
EastSide
76%
easy,
76%
sometimes
76%
at
75%
this
75%
though
75%
apart
73%
by
73%
Cleaning
73%
could
73%
high
73%
leave
73%
scared
73%
school
73%
in
72%
reason
72%
she's
72%
survived
72%
always
70%
dishes
70%
one
70%
see
70%
wasn't
70%
car
69%
cold
69%
hoped
69%
nights
69%
their
69%
they'd
69%
They'd
69%
waiting
69%
wrote
69%
23,
68%
90
68%
barely
68%
change
68%
don't
68%
getting
68%
gonna
68%
old
68%
times
68%
alright
66%
end
66%
engaged
66%
folks
66%
met
66%
awake
65%
bedroom
65%
fancy
65%
forever
65%
hate
65%
money
65%
verse
65%
afford
63%
bus
63%
'cause
63%
feeling
63%
hard
63%
luck
63%
stronger
63%
table,
63%
take
63%
apartment,
62%
evening,
62%
light
62%
turn
62%
down
61%
first
61%
herself
61%
made
61%
didn't
59%
living
59%
sit
59%
stayed
59%
angry,
58%
days
58%
him
58%
next
58%
travel
58%
break
56%
Westside
56%
'cross
55%
heart
54%
clinging
52%
Mmm,
52%
mmm,
52%
mmm
52%
town
52%
memories
51%
out
49%
life
48%
pictures
46%
walls
44%
No matching quizzes found
Score Distribution
Percent of People with Each Score
Percentile by Number Answered
Your Score History
You have not taken this quiz